Sports Quiz

Random Sports Quiz

STADE RENNAIS - BRESIL - www.rougememoire.com Quiz Stats

 Plays Quiz not verified by Sporcle

Also try: Pac-12
Challenge
Share
Tweet
Embed
Score 0/10 Timer 20:00
0 Plays Today
Poste Joueur % Correct
AttaquantLUCAS
91.4%
AttaquantFABIANO
81.7%
AttaquantHENRIQUE
73.1%
AttaquantEMERSON
64.5%
DéfenseurEMERSON
64.5%
MilieuVANDER
61.4%
DéfenseurCESAR
59.9%
DéfenseurADAILTON
59.4%
MilieuDUDU
56.9%
AttaquantBALTAZAR
32%

You're not logged in!

Compare scores with friends on all Sporcle quizzes.
OR
Log In

You Might Also Like...

Show Comments

Extras

Created Feb 16, 2017SourceReportNominate
Tags:1994, 1995, poste, saison

Top Quizzes Today


Score Distribution

Your Account Isn't Verified!

In order to create a playlist on Sporcle, you need to verify the email address you used during registration. Go to your Sporcle Settings to finish the process.

Report this User

Report this user for behavior that violates our Community Guidelines.

Details: